000 00526nam a2200193Ia 4500
003 GCL
008 140319s9999 xx 000 0 ara d
040 _aGCL /
_cGCL
082 0 4 _a813.03
_bا ع
100 1 _aاحسان عبدالقدوس
245 1 0 _aعلبة من صفيح /
_cاحسان عبدالقدوس
260 _a[S.N] :
_bمكتبة مصر
300 _a255 ص
490 _a
650 0 4 _aالادب العربى
650 0 4 _aالقصص العربية
650 0 4 _aالمجموعات
942 _2ddc
_cBK
999 _c58109
_d58109